| 000 | 00826 a2200253 4500 | ||
|---|---|---|---|
| 003 | OSt | ||
| 005 | 20180116192352.0 | ||
| 008 | 120601t xxu||||| |||| 00| 0 eng d | ||
| 010 | _a 00033965 | ||
| 020 | _a0582382122 | ||
| 020 | _a9780582382121 | ||
| 040 | _c0 | ||
| 082 | 0 | 0 | _a304.28 |
| 100 | 1 |
_aHolloway, Lewis _93457 |
|
| 245 | 1 | 0 |
_aPeople and place : _bthe extraordinary geographies of everyday life / _cLewis Holloway and Phil Hubbard. |
| 260 |
_aHarlow, England ; _aNew York : _bPrentice Hall, _c2001. |
||
| 300 |
_axv, 279 p. : _bill. ; _c23 cm. |
||
| 650 | 1 | 0 |
_aHuman geography. _93458 |
| 650 | 1 | 0 |
_aPollution _xsocial effects _93459 |
| 650 | 1 | 0 |
_aHuman ecology _93460 |
| 700 | 1 |
_aHubbard, Phil. _93461 |
|
| 942 |
_aSADA _cBK _k304.28 HOL 2001 _2ddc |
||
| 999 |
_c352989 _d352989 |
||